01044 a2200193 4500003000500000005001700005040000900022082001100031245007300042260000900115300002000124505043200144538002900576650001200605942001200617999001900629952010100648952010100749Nust20170207153145.0 cNust a005.43 aExcel 5.0 WorksheetsbWindows (Student Manual)cLogical Operations c1994 adifferent pages aIntroduction (Page-Iv), Getting Started (Page-1), Introduction To Worksheets (Page-2-2), Creating A Basic Worksheet (Page-3-2), Modifying Worksheets (Page-8-2), Additional Excel Features (Page-9-2), Formation Techniques (Page-10-2), Printing A Worksheet (Page-11-2), Previewing Charting (Page-12-2).Working With Ranges (Page-4-2), Movement Techniques (Page-5-2), Using Functions (Page-6-2), Moving And Copying Data (Page-7-2),  aAlmirah No.7 Shelf No.4 aWindows 2ddccBK c180267d180267 00102ddc40708NFICaMCSbMCSd2016-12-12l0o005.43 KULpMCS5219r2016-12-08w2016-12-12yBK 00102ddc40708NFICaMCSbMCSd2016-12-12l0o005.43 KULpMCS5220r2016-12-08w2016-12-12yBK